[Event "Warsaw Chess Open 2022 - A"]
[Site "Warsaw"]
[Date "1899-12-30"]
[Round "9.30"]
[White "Khamidov, Abdulla"]
[Black "Atkinson, Paul"]
[Result "1/2-1/2"]
[WhiteTitle ""]
[BlackTitle "CM"]
[WhiteElo "1834"]
[BlackElo "2116"]

1. e4 c6 2. d4 d5 3. exd5 cxd5 4. Nf3 Nc6 5. Ne5 Qb6 6. c3 Nxe5 7. dxe5 e6 8. Qb3
Bc5 9. Bb5+ Kf8 10. O-O a6 11. Bd3 Qxb3 12. axb3 Bd7 13. b4 Bb6 14. Na3 Bc7 15.
f4 f6 16. Be3 Kf7 17. b5 Ne7 18. bxa6 bxa6 19. Nc2 a5 20. exf6 gxf6 21. Ra2 Rab8
22. b4 axb4 23. cxb4 Bb6 24. Bxb6 Rxb6 25. Ra7 Rd8 26. Rfa1 Bc6 27. Nd4 Bb7 28.
b5 Nc8 29. R7a5 h6 30. Rc1 Ke7 31. Rc7+ Rd7 32. Nc6+ Kd6 33. Rxd7+ Kxd7 34. Nd4
Kd6 35. Ra1 Ne7 36. Rf1 Bc8 37. g4 Kc5 38. Nb3+ Kb4 39. Rb1 Kc3 40. Nc5 Kd4 41.
Na4 Rb8 42. Bf1 e5 43. Rb4+ Ke3 44. fxe5 fxe5 45. b6 Nc6 46. Rb3+ Kf4 47. h3 e4
48. Nc5 Nd8 49. Ba6 Bb7 50. Kf2 Bc6 51. b7 Ke5 52. Rb6 Kd6 53. Na4 Kc7 54. Bb5
Rxb7 55. Bxc6 Rxb6 56. Bxd5 Rf6+ 57. Ke2 Kd6 58. Bxe4 Ke5 59. Ke3 Ra6 60. Nb2
Ra3+ 61. Nd3+ Kf6 62. h4 Ne6 63. h5 Kg5 64. Bf5 Nf4 65. Kd2 Nxh5 66. Ne5 Ng7 67.
Nf7+ Kf4 68. Nxh6 Ra6 69. Ng8 Nxf5 70. gxf5 Kxf5 71. Ne7+ Kf6 72. Nd5+ Ke5 73.
Nb4 Ra3 74. Nd3+ Kd4 75. Nc1 Rh3 76. Ne2+ Kc4 77. Nf4 Rg3 78. Ke2 Kd4 79. Kf2
Rg8 80. Ne2+ Ke4 81. Ng3+ Kd3 82. Kf3 Rf8+ 83. Kg4 Ke3 84. Nf5+ Ke4 85. Nd6+ Ke5
86. Nc4+ Kd4 87. Nd6 Ke3 88. Nf5+ Ke4 89. Nd6+ Ke5 90. Nc4+ Kd5 91. Nd2 Kd4 92.
Nf3+ Ke3 93. Ng5 Rf6 94. Nh7 Rf7 95. Ng5 Rf1 96. Nh3 Ke4 97. Ng5+ Ke3 98. Nh3
Kd4 99. Ng5 Ke5 100. Nf3+ Kf6 101. Kf4 Ra1 102. Ke4 Ra3 103. Nd4 Ra4 104. Kd5
Ra5+ 105. Ke4 Rc5 106. Nb3 Re5+ 107. Kd4 Kf5 108. Nc5 Re8 109. Kd5 Rd8+ 110. Kc4
Ke5 111. Nd3+ Ke4 112. Nc5+ Ke3 113. Ne6 Rd6 114. Nc5 Rd4+ 115. Kb5 Rh4 116. Kc6
Kd4 117. Ne6+ Kc4 118. Kd6 Rh5 119. Nc7 Ra5 120. Kc6 Rh5 121. Kd6 Rh7 1/2-1/2

[Event "Warsaw Chess Open 2022 - A"]
[Site "Warsaw"]
[Date "1899-12-30"]
[Round "9.31"]
[White "Ciechanski, Jacenty"]
[Black "Yunusov, Mukhammad"]
[Result "0-1"]
[WhiteTitle "CM"]
[BlackTitle ""]
[WhiteElo "2192"]
[BlackElo "1874"]

1. e4 c5 2. Nc3 d6 3. d4 cxd4 4. Qxd4 Nc6 5. Qd2 Nf6 6. b3 g6 7. Bb2 Bg7 8. O-O-O
O-O 9. f3 a6 10. g4 h5 11. g5 Nd7 12. f4 Nc5 13. h3 Qa5 14. Bg2 Be6 15. Nd5 Qxa2
16. Bxg7 Kxg7 17. Qc3+ Kh7 18. Qb2 Qxb2+ 19. Kxb2 Rac8 20. Ne2 Bxd5 21. exd5 Nb4
22. Nd4 e5 23. Nf3 Ne4 24. c4 Nf2 25. fxe5 Nbd3+ 26. Rxd3 Nxd3+ 27. Kc3 Nxe5 28.
Nxe5 dxe5 29. Be4 f5 30. gxf6 Rxf6 31. Rg1 b6 32. Rg5 Re8 33. Rxh5+ Kg7 34. Rg5
Rh8 35. Rg3 Rh4 36. Kd3 a5 37. Ke3 Rh8 38. Bd3 Rh4 39. Be4 Kf7 40. Bd3 Kg7 41.
Bc2 a4 42. bxa4 Rxc4 43. Rg2 Rd4 44. Rg5 Rxd5 45. h4 Kh6 46. Bd3 Rd4 47. Bb5 Rf5
0-1